[Event "GCT Saint Louis Rapid 2018"]
[Site "Saint Louis"]
[Date "2018.08.11"]
[Round "3"]
[White "So, Wesley"]
[Black "Vachier-Lagrave, Maxime"]
[Result "1/2-1/2"]
[WhiteElo "2794"]
[BlackElo "2796"]
[Annotator "TA"]
[PlyCount "67"]
[EventDate "2018.08.11"]
[EventType "tourn"]
[EventCountry "USA"]
[SourceTitle "playchess.com"]
[Source "ChessBase"]
[SourceQuality "1"]

{[%evp 24,67,18,0,0,0,19,11,12,12,12,12,13,7,6,8,9,10,8,9,9,8,10,0,0,0,0,0,6,0,0,0,5,0,0,0,0,0,0,0,0,0,0,0,0,0]} 1. Nf3 c5 2. b3 b6 3. Bb2 Bb7 4. c4 Nf6 5. g3 e6 6. Bg2 Be7 7. d4 cxd4 8. Qxd4 O-O 9. Nc3 d6 10. O-O Nbd7 11. Ng5 Bxg2 12. Kxg2 Qc7 {A30: Symmetrical English: Double Fianchetto and Hedgehog} 13. Rfd1 {LiveBook: 3 Games. The position is equal.} (13. Kg1 Qc6 14. Nge4 Nc5 15. Nxc5 bxc5 16. Qf4 Rfd8 17. Rfd1 a5 18. Rd3 Ne8 19. Qf3 Qxf3 20. Rxf3 {½-½ (94) Kolbus,D (2306)-Arkell,K (2424) Llandudno 2017}) 13... Rfd8 14. Nge4 Nc5 15. f3 $146 ({Predecessor:} 15. Nxf6+ Bxf6 16. Qe3 Rac8 17. Rac1 Qc6+ {1-0 (55) Sienczewski,Z (2055)-Siaparinas,K (1881) Athens 2013}) 15... Ncxe4 16. Nxe4 d5 17. cxd5 Rxd5 18. Qe3 Rxd1 19. Rxd1 Nd5 20. Qd4 {[%csl Gb2][%cal Rd4g7] [#]} Bf8 21. Nc3 Rd8 22. Rd3 Rd7 (22... Qe7 {with more complications.} 23. a3 Rd7 24. Qa4 Rd8 25. Nxd5 Rxd5 26. Qe4 Rxd3 27. Qxd3 Qd6) 23. Nxd5 Rxd5 24. Qe4 Rxd3 25. Qxd3 f6 26. Qc3 (26. g4 {looks sharper.} Qd6 27. Bd4 Kf7 28. Qe4 Qb4 29. a4) 26... Qxc3 27. Bxc3 $11 {[%mdl 4096] Endgame KB-KB} Kf7 28. e4 e5 29. Kf2 b5 30. Ke2 a6 31. a4 Ke6 32. axb5 axb5 33. g4 g5 34. h3 {Precision: White = 46%, Black = 86%.} 1/2-1/2

[Event "GCT Saint Louis Rapid 2018"]
[Site "Saint Louis"]
[Date "2018.08.11"]
[Round "3"]
[White "Caruana, Fabiano"]
[Black "Mamedyarov, Shakhriyar"]
[Result "1-0"]
[WhiteElo "2785"]
[BlackElo "2782"]
[Annotator "TA"]
[PlyCount "111"]
[EventDate "2018.08.11"]
[EventType "tourn"]
[EventCountry "USA"]
[SourceTitle "playchess.com"]
[Source "ChessBase"]
[SourceQuality "1"]

{[%evp 29,111,38,56,51,58,27,57,33,26,46,18,0,0,0,0,0,0,0,0,0,0,0,12,16,15,0,29,-57,0,-85,-73,-141,-156,-158,-128,-140,0,0,0,0,182,183,239,216,476,475,476,476,469,467,427,419,547,448,12827,12834,12834,12835,12836,12836,12836,12836,12838,12837,12838,12839,12839,12839,12840,12840,12841,12841,12844,12844,12845,12845,12845,12844,12846,12846,12847,12847,12848,12848]} 1. e4 e5 2. Nf3 Nc6 3. Bb5 a6 4. Ba4 Nf6 5. O-O Nxe4 6. d4 b5 7. Bb3 d5 {[%cal Bd7d5,Bd5d4,Bd4d3][%mdl 32]} 8. dxe5 Be6 9. Nbd2 Nc5 10. c3 Be7 11. Bc2 d4 12. Nb3 {C83: Open Ruy Lopez: 9 c3 Be7} d3 13. Bb1 Nxb3 14. axb3 Bf5 15. b4 (15. Re1 O-O 16. Be3 Qd5 17. b4 Qd7 18. h3 Rfd8 19. g4 Be6 {½-½ (40) Caruana,F (2808)-Mamedyarov,S (2736) Baku 2015}) 15... O-O {LiveBook: 11 Games} 16. h3 Qd7 17. Bf4 Rfd8 18. g4 Bg6 $1 19. Bg3 h5 {[#]} 20. Nd2 $146 hxg4 21. hxg4 {[#]} Nxb4 $1 {[%mdl 512]} 22. cxb4 Bxb4 23. Ba2 c5 $1 24. e6 fxe6 25. Nf3 $1 {[%cal Rf3e5] Ne5 is the strong threat.} c4 {And now ...Be4 would win.} 26. Ne5 Qe8 27. Kg2 Rd5 28. f3 (28. Qf3 $11) 28... Rad8 (28... Bd6 $15 29. Re1 a5) 29. Rh1 {[#]} (29. Qc1 $1 $11) 29... Bd6 $1 $17 {[%cal Rd6e5]} 30. Qe1 (30. Nxg6 $142 Qxg6 31. Bxd6 R8xd6 32. Qd2) 30... d2 31. Qe3 {[#]} Bc2 $1 {Strongly threatening ...Bxe5.} 32. Rad1 Bxd1 ({Black should play} 32... Bb8 $17 33. Qe2 Bxe5 34. Bxe5 Qd7) 33. Rxd1 $11 Bxe5 34. Bxe5 Rd3 $2 (34... Qc6 $11) 35. Qe4 $40 {[%mdl 128] White wants a kill.} R8d5 (35... R3d5 $142) 36. Bb1 Qf7 $2 (36... Rxe5 37. Qxe5 Rd8) 37. Bxd3 Rxd3 38. Qa8+ Qf8 39. Qxf8+ Kxf8 {[%mdl 4096] Endgame KRB-KR} 40. Bc3 Ke7 41. Kf2 {White is clearly winning.} g6 (41... Rd7 $142 42. Bxg7 a5) 42. Rxd2 Rxd2+ 43. Bxd2 {KB-KP} Kd6 44. Bb4+ Kd5 45. Ke3 Ke5 46. Bd2 Kd5 47. f4 Kc5 48. Ke4 b4 49. Ke5 a5 50. Kxe6 Kd4 51. f5 gxf5 52. gxf5 Kd3 53. Bf4 a4 54. f6 {[%cal Bf5f6,Bf6f7][%mdl 32]} b3 55. f7 c3 56. bxc3 {Precision: White = 67%, Black = 45%.} 1-0

[Event "GCT Saint Louis Rapid 2018"]
[Site "Saint Louis"]
[Date "2018.08.11"]
[Round "3"]
[White "Grischuk, Alexander"]
[Black "Nakamura, Hikaru"]
[Result "1/2-1/2"]
[WhiteElo "2782"]
[BlackElo "2812"]
[Annotator "TA"]
[PlyCount "39"]
[EventDate "2018.08.11"]
[EventType "tourn"]
[EventCountry "USA"]
[SourceTitle "playchess.com"]
[Source "ChessBase"]
[SourceQuality "1"]

{[%evp 20,39,15,11,38,19,38,27,38,0,6,6,17,6,6,14,8,0,0,10,12,0]} 1. d4 Nf6 2. c4 e6 3. Nf3 d5 4. Nc3 Be7 5. Bf4 O-O 6. e3 c5 7. dxc5 Bxc5 8. cxd5 Nxd5 9. Nxd5 exd5 10. Bd3 Bb4+ {D37: Queen's Gambit Declined: 5 Bf4} 11. Nd2 {LiveBook: 30 Games} d4 {[#] And now ...dxe3 would win.} (11... Nc6 12. O-O Be7 13. Rc1 Bf6 14. Nf3 Qe7 15. h3 g6 16. Bb5 Bd7 17. Qxd5 Be6 18. Qe4 Bxb2 19. Bxc6 {½-½ (94) Carlsen,M (2822)-Nakamura,H (2792) Saint Louis 2017 CBM 180 [Krasenkow,M]}) 12. Qc2 Nc6 $146 ({Predecessor:} 12... dxe3 13. Bxe3 Qh4 14. O-O h6 15. Nf3 Qf6 16. Bd4 Qc6 17. Qb3 Qd6 18. a3 Nc6 19. Bxg7 Kxg7 20. axb4 Qxb4 21. Qc2 Rd8 22. Ra4 Qd6 23. Qc3+ Qf6 24. Qxf6+ Kxf6 25. Be4 {1-0 (25) Peltier,J (2163)-Ralls,R (2151) IECC email 2000}) 13. O-O g6 14. Ne4 Bf5 {The position is equal.} 15. Rad1 Be7 16. Qb3 Qb6 17. Qxb6 axb6 18. a3 dxe3 19. Bxe3 Rfd8 {Strongly threatening ...Rxd3!} 20. Bb1 1/2-1/2

[Event "GCT Saint Louis Rapid 2018"]
[Site "Saint Louis"]
[Date "2018.08.11"]
[Round "3"]
[White "Anand, Viswanathan"]
[Black "Karjakin, Sergey"]
[Result "1/2-1/2"]
[WhiteElo "2771"]
[BlackElo "2791"]
[Annotator "TA"]
[PlyCount "57"]
[EventDate "2018.08.11"]
[EventType "tourn"]
[EventCountry "USA"]
[SourceTitle "playchess.com"]
[Source "ChessBase"]
[SourceQuality "1"]

{[%evp 13,57,14,44,12,24,16,14,19,17,11,25,1,1,13,10,0,0,0,0,0,1,0,0,-19,0,0,34,21,16,7,17,18,16,14,20,0,5,0,0,0,0,4,12,0,0,0]} 1. e4 {Stohl,I} e5 2. Nf3 Nc6 3. Bb5 Nf6 4. d3 Bc5 5. Bxc6 dxc6 6. Be3 {C65: Ruy Lopez: Berlin Defence (3...Nf6), unusual lines and 4 0-0 Bc5} Bd6 7. h3 c5 {LiveBook: 12 Games} 8. Nc3 {White is slightly better.} Nd7 9. O-O Nf8 10. Nd2 Ng6 11. Nc4 O-O $146 ({Predecessor:} 11... Be6 12. Ne2 Qd7 13. Nxd6+ cxd6 {1-0 (47) Carlsen,M (2872)-Caruana,F (2782) Zuerich 2014 CBM 159 [Stohl,I]}) 12. Ne2 Be6 13. b3 Be7 14. f4 exf4 15. Nxf4 Nxf4 16. Bxf4 b5 17. Ne3 Bf6 18. Rb1 Qd4 19. Kh1 Be5 {[#] aiming for ...Bxf4.} 20. c3 Qd6 {The position is equal.} 21. Nf5 Bxf5 $1 22. Bxe5 Qxe5 23. Rxf5 Qe7 24. b4 cxb4 25. Rxb5 bxc3 26. Qc2 Rfd8 27. Qxc3 h6 28. Rb7 Rd7 29. Rc1 {Precision: White = 46%, Black = 74%.} 1/2-1/2

[Event "GCT Saint Louis Rapid 2018"]
[Site "Saint Louis"]
[Date "2018.08.11"]
[Round "3"]
[White "Dominguez Perez, Leinier"]
[Black "Aronian, Levon"]
[Result "1/2-1/2"]
[WhiteElo "2754"]
[BlackElo "2794"]
[Annotator "TA"]
[PlyCount "45"]
[EventDate "2018.08.11"]
[EventType "tourn"]
[EventCountry "USA"]
[SourceTitle "playchess.com"]
[Source "ChessBase"]
[SourceQuality "1"]

{[%evp 22,45,42,18,7,24,59,59,63,52,64,16,31,0,0,0,0,0,0,0,0,0,0,0,0,0]} 1. d4 Nf6 2. c4 e6 3. Nf3 d5 4. g3 Be7 5. Bg2 O-O 6. O-O dxc4 7. Qc2 b6 {E05: Open Catalan: 5 Nf3 Be7} (7... c6 8. Qxc4 b5 9. Qc2 Bb7 10. Nc3 Nbd7 11. Rd1 Qb6 12. Ne5 Rfd8 13. Be3 Nd5 14. Nxd5 cxd5 15. Rac1 Rac8 16. Qd3 b4 17. Rxc8 Bxc8 {½-½ (41) So,W (2799)-Mamedyarov,S (2809) Berlin 2018}) 8. Ne5 Qxd4 9. Bxa8 Qxe5 10. Bf3 Nd5 11. Qxc4 Ba6 12. Qa4 {LiveBook: 4 Games} Bf6 13. Re1 {[#]} Qd4 $146 ({Predecessor:} 13... c5 14. Nd2 b5 15. Qc2 {½-½ (52) Meier,G (2648)-Deac,B (2572) Batumi 2018}) 14. Qxd4 Bxd4 15. Rd1 Nc6 16. e3 Bf6 17. Bxd5 exd5 {The position is equal.} 18. Rxd5 Ne5 19. Nc3 Nf3+ 20. Kg2 Ne1+ 21. Kg1 Nf3+ 22. Kg2 Ne1+ 23. Kg1 1/2-1/2

[Event "GCT Saint Louis Rapid 2018"]
[Site "Saint Louis"]
[Date "2018.08.12"]
[Round "4"]
[White "Vachier-Lagrave, Maxime"]
[Black "Grischuk, Alexander"]
[Result "1-0"]
[WhiteElo "2796"]
[BlackElo "2782"]
[Annotator "TA"]
[PlyCount "121"]
[EventDate "2018.08.11"]
[EventType "tourn"]
[EventCountry "USA"]
[SourceTitle "playchess.com"]
[Source "ChessBase"]
[SourceQuality "1"]

{[%evp 23,121,15,25,-6,-1,-4,0,-5,0,-4,0,0,0,-14,4,0,17,16,16,12,18,27,39,28,23,27,29,29,27,27,35,14,7,6,34,34,42,39,67,47,59,42,67,70,69,82,79,67,56,27,69,74,72,60,59,56,55,29,83,84,87,41,77,70,90,83,104,40,90,85,112,112,379,368,411,411,411,411,513,411,411,411,1752,1572,2285,2185,2231,1983,1570,641,12840,12840,12841,12841,12841,12841,12841,12841,12844,12844]} 1. d4 Nf6 2. Nf3 g6 3. Bf4 Bg7 4. e3 O-O 5. Be2 d6 6. O-O c5 7. c3 b6 8. h3 Bb7 9. Nbd2 Nbd7 10. a4 a6 11. Bh2 Ne4 {A48: 1 d4 Nf6 2 Nf3 g6: Torre, London and Colle Systems} (11... Ra7 12. Qb1 Qa8 13. Bd3 cxd4 14. cxd4 Nd5 15. Rc1 Nb4 16. Bf1 Nf6 17. Ra3 Bd5 18. Bc4 Bc6 19. Bf1 Bd5 {1-0 (56) Ivanchuk,V (2713)-Wagner,D (2566) Batumi 2018}) 12. Nxe4 Bxe4 {LiveBook: 33 Games} 13. Bd3 Bxd3 {The position is equal.} 14. Qxd3 Qc7 15. Rfd1 Rfc8 16. Qe2 Qb7 17. e4 $146 ({Predecessor:} 17. Bg3 b5 18. axb5 axb5 19. Rxa8 Rxa8 20. e4 cxd4 21. cxd4 {0-1 (108) Camara,H (2330)-Resende,A (2325) Sao Paulo 1983}) 17... cxd4 18. cxd4 Rc7 19. e5 Qd5 20. exd6 exd6 21. Rac1 Rxc1 22. Rxc1 b5 23. axb5 axb5 24. Qe7 Nb6 25. Qxd6 ({Don't go for} 25. Bxd6 $2 Bf8 $19) 25... Qxd6 26. Bxd6 Nc4 27. Bc7 Nxb2 28. Rb1 Na4 29. Rxb5 Nc3 30. Rb2 h6 31. Rc2 Nb5 32. Bb6 (32. Be5 {looks sharper.} Rd8 33. Rc4 f6 34. Bf4 h5 35. Be3) 32... Ra1+ 33. Kh2 Rd1 {[%cal Rb5d4]} 34. Rc8+ Kh7 {[%cal Rb5d4]} 35. Rd8 Nc3 36. Re8 Nb5 {[%cal Rb5d4]} 37. Re7 Kg8 38. Bc5 Bf6 39. Rb7 Nc3 $1 40. Ne5 Bxe5+ (40... Ne4 $11 {keeps the balance.} 41. Nxf7 h5) 41. dxe5 $11 {[%mdl 4096] Endgame KRB-KRN} Ne4 42. Be3 {aiming for f3.} (42. Rb8+ {with more complications.} Kh7 43. Bf8 Nxf2 44. e6 fxe6 45. Rb7+) 42... g5 43. Rb8+ Kg7 44. Rb2 Rd5 45. g3 (45. Rb4 $16 Nc3 46. e6) 45... Kg6 46. Rb6+ Kg7 47. Kg2 Nc3 $2 {[%mdl 8192] [#]} (47... f6 $16) 48. Rd6 $1 $18 Rxd6 49. exd6 {KB-KN} Kf8 50. Bd4 Ne4 {[#]} 51. Bg7+ $1 {[%mdl 512]} Ke8 (51... Kxg7 52. d7) 52. Bxh6 f6 (52... g4 $142 53. hxg4 Nxd6) 53. Bg7 {White is clearly winning.} f5 54. Be5 Nc5 55. f4 Nd7 56. h4 (56. Kf3 $142 Kf7 57. Bd4 g4+ 58. hxg4 fxg4+ 59. Kxg4) 56... gxh4 57. gxh4 Kf7 58. Kf3 Kg6 59. Ke3 Kh5 60. Kd4 Kxh4 61. Kd5 {Precision: White = 68%, Black = 24%.} 1-0

[Event "GCT Saint Louis Rapid 2018"]
[Site "Saint Louis"]
[Date "2018.08.12"]
[Round "4"]
[White "Aronian, Levon"]
[Black "Mamedyarov, Shakhriyar"]
[Result "1/2-1/2"]
[WhiteElo "2794"]
[BlackElo "2782"]
[Annotator "TA"]
[PlyCount "73"]
[EventDate "2018.08.11"]
[EventType "tourn"]
[EventCountry "USA"]
[SourceTitle "playchess.com"]
[Source "ChessBase"]
[SourceQuality "1"]

{[%evp 24,73,21,29,40,-24,-39,-35,-21,-39,-42,-41,-43,-39,-7,-30,-42,-51,0,8,39,0,0,0,0,-10,-12,-19,0,-70,-58,-97,-97,-96,-60,-67,0,-137,0,-49,0,-137,-137,-137,-133,-145,-70,-73,0,-143,0,-83]} 1. e4 c6 2. d4 d5 3. exd5 cxd5 4. c3 Nf6 5. Bf4 Nc6 6. Bd3 Bg4 7. Qb3 Qd7 8. Nd2 e6 9. Ngf3 Bd6 10. Bxd6 Qxd6 11. O-O {B13: Caro-Kann: Exchange Variation and Panov-Botvinnik Attack} O-O 12. Rae1 (12. Rfe1 Nd7 13. a4 Qc7 14. Qa3 Bh5 15. a5 Rfe8 16. a6 b6 17. Bb5 Rec8 18. Re3 h6 {0-1 (70) Jumabayev,R (2612)-Riazantsev,A (2650) Riadh 2017}) 12... Rab8 13. Ne5 {LiveBook: 3 Games} b5 14. Bxb5 $146 (14. Qc2 $14) ({Predecessor:} 14. a3 Bh5 15. f4 a5 16. Qc2 Bg6 17. f5 exf5 18. Bxf5 b4 19. axb4 axb4 {0-1 (40) Luchan,J (2073)-Norowitz,Y (2429) Indianapolis 2016}) 14... a6 $1 $11 15. Bxc6 {Hoping for Qa3.} Rxb3 16. axb3 Bf5 17. b4 Ng4 18. Ba4 $1 h5 {...Bd3! is the strong threat.} 19. h3 Nxe5 20. Rxe5 f6 (20... a5 $15 21. bxa5 Qc7) 21. Re3 e5 22. Nb3 Bc2 23. Ra1 h4 24. Nc5 Bxa4 $1 25. Rxa4 exd4 26. cxd4 (26. Rxa6 $11 Qb8 27. Rd3 (27. cxd4 Qxb4 28. Re7 Kh7 $15)) 26... Qb6 27. b3 Ra8 $1 {[%mdl 1024] Black has strong compensation.} 28. Re7 Qd6 29. Rd7 Qc6 (29... Qb8 $1 $15) 30. Rb7 {[#]} (30. Ra1 $1 $11) 30... Qd6 ({Black should play} 30... Qe8 $1 $17 {[%cal Re8e1] White must now prevent ...Qe1+.} 31. Ra1 Rb8) 31. Rd7 $15 Qc6 (31... Qb8 $15) 32. Rb7 $17 {[#]} Qe8 $1 {[%cal Re8e1]} 33. Ra1 Rb8 {Strongly threatening ...Rxb7.} 34. Rd7 Rd8 (34... Rxb4 $17 35. Rxd5 Qe2) 35. Rb7 {next b5 is good for White.} Rb8 (35... Kh7 $142) 36. Rd7 Rd8 ({Black should try} 36... Rxb4 37. Rxd5 Kh7) 37. Rb7 $1 {Precision: White = 58%, Black = 44%.} 1/2-1/2

[Event "GCT Saint Louis Rapid 2018"]
[Site "Saint Louis"]
[Date "2018.08.12"]
[Round "4"]
[White "Karjakin, Sergey"]
[Black "So, Wesley"]
[Result "1/2-1/2"]
[WhiteElo "2791"]
[BlackElo "2794"]
[Annotator "TA"]
[PlyCount "88"]
[EventDate "2018.08.11"]
[EventType "tourn"]
[EventCountry "USA"]
[SourceTitle "playchess.com"]
[Source "ChessBase"]
[SourceQuality "1"]

{[%evp 13,88,17,24,0,11,0,18,6,20,18,25,0,14,8,18,18,18,6,23,13,37,30,34,20,15,18,10,16,17,11,8,0,28,2,31,30,26,30,32,31,27,32,34,38,43,10,14,5,6,0,0,1,2,2,6,0,0,0,0,0,0,0,0,0,2,2,4,0,0,0,0,0,0,0,0,0,0]} 1. e4 e5 2. Nf3 Nc6 3. Bc4 Bc5 4. d3 Nf6 5. c3 O-O 6. a4 {C54: Giuoco Piano: 4 c3 Nf6, main lines with 5 d4 and 5 d3} (6. O-O d6 7. Re1 h6 8. Nbd2 a5 9. Nf1 Bb6 10. Be3 Bxe3 11. Nxe3 Be6 12. Bb5 Ne7 13. Ba4 Ng6 14. Bc2 Re8 15. d4 {1-0 (54) Vachier Lagrave,M (2789)-Caruana,F (2816) Paris 2018}) 6... d5 7. exd5 Nxd5 {LiveBook: 6 Games} 8. Nbd2 {White has an edge.} Nb6 $146 ({Predecessor:} 8... Bf5 9. O-O Nf6 10. Re1 Re8 11. b4 Bd6 12. Nf1 h6 13. Ng3 Bg6 14. Nh4 Bh7 15. Nhf5 Bxf5 16. Nxf5 Qd7 17. Qf3 Rab8 18. Nxh6+ {1-0 (18) Wenzel,C (1613)-Engert,K (1291) Bad Homburg 2015}) 9. Ba2 a5 (9... Bf5 {is more complex.} 10. Ne4 Bxe4 11. dxe4 Qxd1+ 12. Kxd1 Nxa4 13. Bd5 Nb6) 10. Ne4 Be7 11. O-O Bg4 12. Re1 Qd7 13. h3 Be6 14. Bxe6 Qxe6 15. Be3 Nd5 16. Qb3 Qd7 17. Rad1 Rad8 18. d4 exd4 19. Bxd4 Nxd4 20. Rxd4 {[#] c4 is the strong threat.} Qc6 $1 21. g3 Qb6 22. Qc2 c6 23. Neg5 Bxg5 24. Nxg5 {[%csl Gg5][%cal Rc2h7] [#]} Nf6 25. Rf4 {Threatens to win with Rxf6!} Rd5 26. Rxf6 {[%csl Gg5][%cal Rc2h7]} Rxg5 27. Rf3 {[%cal Bf6f3,Bf3e3,Be3e7][%mdl 32]} Qc7 28. Rfe3 Rd5 29. Re7 Rd7 {The position is equal.} 30. Qe4 g6 31. Qe5 Rxe7 32. Qxe7 Qxe7 33. Rxe7 $11 {[%mdl 4096] Endgame KR-KR} Rb8 $1 34. b3 b5 35. Ra7 bxa4 36. bxa4 Rb3 37. c4 Rb4 38. Rxa5 Rxc4 39. Kf1 Rc2 40. Ra8+ Kg7 41. a5 c5 42. a6 c4 43. a7 Ra2 44. Rc8 Rxa7 {Precision: White = 55%, Black = 70%.} 1/2-1/2

[Event "GCT Saint Louis Rapid 2018"]
[Site "Saint Louis"]
[Date "2018.08.12"]
[Round "4"]
[White "Dominguez Perez, Leinier"]
[Black "Anand, Viswanathan"]
[Result "1/2-1/2"]
[WhiteElo "2754"]
[BlackElo "2771"]
[Annotator "ChessBase"]
[PlyCount "74"]
[EventDate "2018.08.11"]
[EventType "tourn"]
[EventCountry "USA"]
[SourceTitle "playchess.com"]
[Source "ChessBase"]
[SourceQuality "1"]
[TimeControl "1500"]

1. d4 {[%emt 0:00:00]} Nf6 {[%emt 0:00:00]} 2. Nf3 {[%emt 0:00:00]} d5 {[%emt 0:00:00]} 3. c4 {[%emt 0:00:00]} e6 {[%emt 0:00:00]} 4. g3 {[%emt 0:00:00]} dxc4 {[%emt 0:00:00]} 5. Bg2 {[%emt 0:00:00]} c5 {[%emt 0:00:00]} 6. O-O {[%emt 0:00:00]} Nc6 {[%emt 0:00:00]} 7. dxc5 {[%emt 0:00:00]} Qxd1 {[%emt 0:00:00]} 8. Rxd1 {[%emt 0:00:00]} Bxc5 {[%emt 0:00:00]} 9. Nfd2 {[%emt 0:00:00]} Na5 {[%emt 0:00:40]} 10. Na3 {[%emt 0:00:00]} Bxa3 {[%emt 0:00:09]} 11. bxa3 {[%emt 0:00:00]} O-O {[%emt 0:00:43]} 12. Ne4 {[%emt 0:00:00]} Nxe4 {[%emt 0:01:36]} 13. Bxe4 {[%emt 0:00:00]} e5 {[%emt 0:00:00]} 14. Bb2 {[%emt 0:00:31]} Nc6 {[%emt 0:00:49]} 15. f3 {[%emt 0:02:00]} Re8 {[%emt 0:01:16]} 16. Rab1 {[%emt 0:03:50]} f6 {[%emt 0:03:43]} 17. Bc3 {[%emt 0:01:11]} Nd8 {[%emt 0:03:24]} 18. a4 {[%emt 0:04:47]} Rb8 {[%emt 0:02:20]} 19. a5 {[%emt 0:00:49]} Be6 {[%emt 0:01:15]} 20. a4 {[%emt 0:05:04]} a6 {[%emt 0:01:57]} 21. Rb6 {[%emt 0:00:29]} Bf7 {[%emt 0:00:42]} 22. Rd7 {[%emt 0:00:53]} Be6 {[%emt 0:00:54]} 23. Rc7 {[%emt 0:01:22]} Rc8 {[%emt 0:00:05]} 24. Rxc8 {[%emt 0:01:27]} Bxc8 {[%emt 0:00:00]} 25. Bd5+ {[%emt 0:00:01]} Be6 {[%emt 0:00:18]} 26. Bxb7 {[%emt 0:00:05]} Nxb7 {[%emt 0:00:00]} 27. Rxb7 {[%emt 0:00:00]} Ra8 {[%emt 0:00:20]} 28. Kf2 {[%emt 0:00:32]} Bf7 {[%emt 0:00:00]} 29. Rc7 {[%emt 0:00:07]} Be8 {[%emt 0:00:00]} 30. Rxc4 {[%emt 0:00:03]} Bd7 {[%emt 0:00:00]} 31. Rb4 {[%emt 0:00:32]} Rc8 {[%emt 0:00:27]} 32. Bd2 {[%emt 0:00:00]} Rc2 {[%emt 0:00:46]} 33. Ke1 {[%emt 0:00:00]} Ra2 {[%emt 0:00:00]} 34. Rb6 {[%emt 0:00:42]} Ra1+ {[%emt 0:00:00]} 35. Kf2 {[%emt 0:00:00]} Ra2 {[%emt 0:00:00]} 36. Ke1 {[%emt 0:00:19]} Ra1+ {[%emt 0:00:00]} 37. Kf2 {[%emt 0:00:00]} Ra2 {[%emt 0:00:00]} 1/2-1/2

[Event "GCT Saint Louis Rapid 2018"]
[Site "Saint Louis"]
[Date "2018.08.12"]
[Round "5"]
[White "So, Wesley"]
[Black "Dominguez Perez, Leinier"]
[Result "0-1"]
[WhiteElo "2794"]
[BlackElo "2754"]
[Annotator "TA"]
[PlyCount "100"]
[EventDate "2018.08.11"]
[EventType "tourn"]
[EventCountry "USA"]
[SourceTitle "playchess.com"]
[Source "ChessBase"]
[SourceQuality "1"]

{[%evp 23,100,4,12,0,61,37,47,36,18,18,12,7,7,31,28,51,264,246,235,133,128,63,47,0,135,45,39,12,8,9,9,5,5,0,0,0,0,-10,53,55,54,46,108,116,117,83,233,225,195,198,211,0,142,0,228,214,263,260,222,144,243,264,222,27,27,0,0,0,0,0,0,0,0,0,0,0,0,-12843,-12843]} 1. d4 Nf6 2. c4 e6 3. Nf3 d5 4. g3 Be7 5. Bg2 O-O 6. O-O dxc4 7. Qc2 a6 8. a4 c5 9. dxc5 Bxc5 {E05: Open Catalan: 5 Nf3 Be7} 10. Nbd2 (10. Qxc4 b6 11. Ne5 Ra7 12. Nd3 Be7 13. Bf4 Bb7 14. Bxb7 Rxb7 15. Rc1 Nd5 16. Bxb8 b5 17. axb5 axb5 {½-½ (39) Aronian,L (2794)-Hou,Y (2654) Karlsruhe/Baden-Baden 2018}) 10... b5 11. Ng5 Ra7 12. Nde4 Nxe4 {LiveBook: 4 Games} 13. Qxe4 $146 {[%csl Gg5][%cal Re4h7]} ({Predecessor:} 13. Nxe4 Bb6 14. Bf4 e5 15. Bxe5 Nc6 16. Rfd1 Rd7 17. Bd6 {1-0 (42) Sargissian,G (2650)-Blomqvist,E (2546) Minsk 2017}) 13... g6 (13... f5 $11 14. Qe5 Qb6) 14. axb5 axb5 {[#]} 15. Qh4 $3 {[%csl Gg5][%cal Rh4h7][%mdl 512]} h5 16. Rxa7 Bxa7 17. g4 f6 $132 {[%mdl 2048] Black is not keeping still} 18. Ne4 Nc6 19. g5 fxg5 $2 (19... Nd4 $14) 20. Bxg5 $18 Qc7 21. Bh6 (21. e3 $1 $18) 21... Rf5 $16 22. Ng3 (22. e3 $1 $16) 22... Rf7 $14 23. Nxh5 Bd4 (23... gxh5 $11 24. Qg5+ Kh8 25. Qxh5 Rf5 26. Bg5+ Kg8 27. Bxc6 Qxc6 28. Qg6+ Kf8 29. Qh6+ Kg8 30. Qg6+ Kf8 31. Bh6+ Ke7 32. Qg7+ Rf7 33. Bg5+ Ke8 34. Qg8+ Rf8 35. Qg6+ Rf7 36. Qg8+ Rf8 37. Qg6+ Rf7 38. Qg8+) 24. Nf4 ({But not} 24. Bxc6 $6 Qxc6 25. Qxd4 gxh5 $11) (24. Qg4 $1 $16 {[%cal Rg4g6]} Kh7 25. Be4) 24... Ne7 {Strongly threatening ...Nf5.} 25. Nxe6 (25. Nxg6 $5 Nf5 26. Qg4 Nxh6 27. Qxd4 $16) 25... Bxf2+ $1 26. Rxf2 {Bg7 would kill now.} Bxe6 27. Rxf7 Bxf7 28. Qf6 {[%csl Gh6][%cal Rf6g7]} Nf5 29. Bd2 Qc5+ (29... b4 {is more complex.} 30. Bxb4 Qa7+ 31. e3 Qxe3+ 32. Kf1 Qc1+) 30. e3 {[%cal Be2e3,Be3e4][%mdl 32]} Qd6 (30... b4 $11) 31. Qxd6 Nxd6 {[%mdl 4096] Endgame KBB-KBN} 32. Bb4 Nf5 ({Black should play} 32... Ne8 $14) 33. Kf2 $16 Be8 34. Bd5+ $1 Kg7 (34... Kh7 $16) 35. e4 $1 $18 {[%cal Re4f5]} Nh6 36. Bc3+ Kf8 37. Bb4+ Kg7 38. Bc3+ (38. Kf3 $16) 38... Kf8 39. Kg3 Nf7 40. Kf4 $1 Bd7 41. Bf6 Ke8 (41... Bh3 $16 42. Bc6 b4) 42. e5 {And now e6 would win.} Nd8 {[#]} 43. Kg5 $2 (43. Bxd8 $1 $18 {Black must now prevent Bf6.} Kxd8 44. e6) 43... Ne6+ $11 44. Kh6 (44. Bxe6 $5 Bxe6 45. Kxg6 $11) 44... Nf4 45. Be4 Bf5 46. Bc6+ Bd7 47. Be4 Bf5 48. Bxf5 gxf5 49. Kg5 b4 50. Kxf5 $2 {[%mdl 8192] [#]} ({Don't blunder} 50. Kxf4 $2 c3 $19) (50. e6 $11 Nd5 51. Bd4 (51. Kxf5 $2 Nxf6 52. Ke5 c3 $19)) 50... c3 $1 {Precision: White = 39%, Black = 49%.} 0-1